[Event "GER-chT U16"]
[Site "Lingen"]
[Date "2015.12.29"]
[Round "5.4"]
[White "Petersen, Marcel"]
[Black "Schmitz, Fabian"]
[Result "1/2-1/2"]
[WhiteElo "1632"]
[BlackElo "1634"]
[PlyCount "48"]
[EventDate "2015.12.27"]
[EventType "team-swiss"]
[EventRounds "7"]
[EventCountry "GER"]
[SourceTitle "EXT 2017"]
[Source "ChessBase"]
[SourceDate "2016.10.25"]
[SourceVersion "1"]
[SourceVersionDate "2016.10.25"]
[SourceQuality "1"]
[WhiteTeam "Berlin Mattnetz"]
[BlackTeam "Duesseldorf Sued"]
[WhiteTeamCountry "GER"]
[BlackTeamCountry "GER"]

1. e4 e6 2. d4 d5 3. Nd2 dxe4 4. Nxe4 Nd7 5. Nf3 Ngf6 6. Bd3 c5 7. c3 Be7 8. 0-0 0-0 9. Bf4 cxd4 10. cxd4 Nxe4 11. Bxe4 Nf6 12. Bd3 b6 13. Rc1 Bb7 14. Be5 Rc8 15. Rxc8 Qxc8 16. Qe2 h6 17. h3 a6 18. Qe3 Nd5 19. Qd2 Nb4 20. Rc1 Qa8 21. a3 Bxf3 22. gxf3 Nxd3 23. Qxd3 Rc8 24. Rc3 Rxc3 1/2-1/2

[Event "GER-chT U16"]
[Site "Lingen"]
[Date "2015.12.29"]
[Round "6.4"]
[White "Schmitz, Fabian"]
[Black "Hassemeier, Mika"]
[Result "0-1"]
[WhiteElo "1634"]
[BlackElo "1748"]
[PlyCount "70"]
[EventDate "2015.12.27"]
[EventType "team-swiss"]
[EventRounds "7"]
[EventCountry "GER"]
[SourceTitle "EXT 2017"]
[Source "ChessBase"]
[SourceDate "2016.10.25"]
[SourceVersion "1"]
[SourceVersionDate "2016.10.25"]
[SourceQuality "1"]
[WhiteTeam "Duesseldorf Sued"]
[BlackTeam "Hoyerswerda"]
[WhiteTeamCountry "GER"]
[BlackTeamCountry "GER"]

1. e4 e6 2. d4 c5 3. Nf3 cxd4 4. Nxd4 Nf6 5. Nc3 Bb4 6. Bd3 Nc6 7. Nxc6 bxc6 8. 0-0 d5 9. exd5 cxd5 10. Bb5+ Bd7 11. Bxd7+ Qxd7 12. Qf3 0-0 13. a3 Ba5 14. b4 Bc7 15. Bb2 Qd6 16. g3 a6 17. Ne2 Bd8 18. Rfd1 Rc8 19. Rac1 Rc4 20. Rd4 Rxd4 21. Bxd4 Ne4 22. Nc3 Bf6 23. Bxf6 Nxf6 24. Rd1 Rc8 25. Rc1 h6 26. Ne2 Ne4 27. c3 Qc6 28. Qd3 Qb6 29. Rf1 Rc4 30. h3 Kf8 31. Kg2 Qb5 32. Qc2 Qc6 33. Rc1 Nxc3 34. Nxc3 d4+ 35. Qe4 Qxe4+ 0-1

[Event "GER-chT U16"]
[Site "Magdeburg"]
[Date "2014.12.29"]
[Round "5.4"]
[White "Schmitz, Fabian"]
[Black "Fragel, Max"]
[Result "1-0"]
[WhiteElo "1558"]
[BlackElo "1611"]
[PlyCount "69"]
[EventDate "2014.12.27"]
[EventType "team-swiss"]
[EventRounds "7"]
[EventCountry "GER"]
[SourceTitle "EXT 2016"]
[Source "ChessBase"]
[SourceDate "2015.10.08"]
[SourceVersion "1"]
[SourceVersionDate "2015.10.08"]
[SourceQuality "1"]
[WhiteTeam "Duesseldorf Sued"]
[BlackTeam "Stade"]
[WhiteTeamCountry "GER"]
[BlackTeamCountry "GER"]

1. e4 c6 2. Ne2 d5 3. e5 Qc7 4. d4 Bf5 5. Ng3 Bg6 6. h4 h6 7. h5 Bh7 8. e6 fxe6 9. f4 Nf6 10. Bd3 Bxd3 11. Qxd3 Nbd7 12. 0-0 0-0-0 13. Re1 e5 14. fxe5 Nh7 15. Nd2 e6 16. Qg6 Ng5 17. Nb3 Be7 18. Bxg5 Bxg5 19. Qxe6 Rde8 20. Qg4 Kb8 21. Nf5 Nb6 22. Nd6 Re7 23. Nc5 Rf8 24. Qh3 Rg8 25. Ndxb7 Ka8 26. Nd6 Nd7 27. Nf5 Ree8 28. Nd6 Re7 29. Nxd7 Rxd7 30. c3 g6 31. Qe6 Rdd8 32. hxg6 Be7 33. Nf5 Bg5 34. Qf7 Qb6 35. g7 1-0

[Event "GER-chT U16"]
[Site "Magdeburg"]
[Date "2014.12.28"]
[Round "3.4"]
[White "Schmitz, Fabian"]
[Black "Buschmann, Johannes"]
[Result "1-0"]
[WhiteElo "1558"]
[BlackElo "1383"]
[PlyCount "55"]
[EventDate "2014.12.27"]
[EventType "team-swiss"]
[EventRounds "7"]
[EventCountry "GER"]
[SourceTitle "EXT 2016"]
[Source "ChessBase"]
[SourceDate "2015.10.08"]
[SourceVersion "1"]
[SourceVersionDate "2015.10.08"]
[SourceQuality "1"]
[WhiteTeam "Duesseldorf Sued"]
[BlackTeam "Leipzig Turm"]
[WhiteTeamCountry "GER"]
[BlackTeamCountry "GER"]

1. e4 c6 2. Ne2 d5 3. e5 Bf5 4. Ng3 Bg6 5. h4 h6 6. h5 Bh7 7. e6 fxe6 8. d4 Qc7 9. f4 e5 10. fxe5 e6 11. Bd3 Bxd3 12. Qxd3 Ne7 13. Nd2 Na6 14. c3 0-0-0 15. 0-0 c5 16. a3 Nc6 17. b4 c4 18. Qg6 Qd7 19. b5 Ne7 20. Qb1 Nb8 21. a4 Ng8 22. Nf3 Be7 23. Qg6 Bf8 24. Nh4 Ne7 25. Qg4 Re8 26. Rf7 Kd8 27. Ng6 Qc8 28. Nxh8 1-0

[Event "GER-chT U14"]
[Site "Magdeburg"]
[Date "2012.12.29"]
[Round "6.3"]
[White "Schmitz, Fabian"]
[Black "Ospina Ocampo, Antonio"]
[Result "1-0"]
[WhiteElo "1420"]
[BlackElo "1331"]
[PlyCount "115"]
[EventDate "2012.12.27"]
[EventType "team-swiss"]
[EventRounds "7"]
[EventCountry "GER"]
[SourceTitle "EXT 2014"]
[Source "ChessBase"]
[SourceDate "2013.11.20"]
[SourceVersion "1"]
[SourceVersionDate "2013.11.20"]
[SourceQuality "1"]
[WhiteTeam "Duesseldorf SF 75"]
[BlackTeam "Karlsruhe 1853"]
[WhiteTeamCountry "GER"]
[BlackTeamCountry "GER"]

1. e4 e5 2. Nf3 Nc6 3. Bb5 a6 4. Ba4 Nf6 5. d3 d6 6. c3 b5 7. Bb3 Be7 8. 0-0 0-0 9. Nbd2 Na5 10. Bc2 c5 11. Re1 Bg4 12. Nf1 Qc7 13. h3 Bh5 14. Ng3 Bg6 15. Nh4 Rac8 16. f4 exf4 17. Bxf4 Nd7 18. Ngf5 Bxh4 19. Nxh4 Ne5 20. Rc1 Nac6 21. b3 h6 22. d4 cxd4 23. cxd4 Nd7 24. a3 Bh7 25. Nf3 Rce8 26. Bb1 Qb6 27. Bxd6 Ne7 28. Bg3 f6 29. Kh1 Ng6 30. Rc7 Rf7 31. Qc2 Nb8 32. Rxf7 Kxf7 33. Qc7+ Qxc7 34. Bxc7 Nc6 35. b4 Kf8 36. e5 fxe5 37. Bd6+ Kg8 38. Ba2+ Kh8 39. Nxe5 Ncxe5 40. dxe5 Bg8 41. Bb1 Nf4 42. Rc1 Bd5 43. Rc2 Kg8 44. Kh2 Kf7 45. g3 Ne6 46. Rf2+ Kg8 47. Bg6 Rc8 48. Rd2 Bc4 49. Bf5 Kf7 50. Rf2 Bd5 51. Be4+ Ke8 52. Bxd5 Nd4 53. Rf8+ Kd7 54. Rxc8 Kxc8 55. e6 Kd8 56. e7+ Ke8 57. Bc5 Nf5 58. Bc6+ 1-0

[Event "GER-chT U14"]
[Site "Magdeburg"]
[Date "2012.12.27"]
[Round "2.3"]
[White "Schmitz, Fabian"]
[Black "Hoffmann, Fabian"]
[Result "1/2-1/2"]
[WhiteElo "1420"]
[BlackElo "1633"]
[PlyCount "83"]
[EventDate "2012.12.27"]
[EventType "team-swiss"]
[EventRounds "7"]
[EventCountry "GER"]
[SourceTitle "EXT 2014"]
[Source "ChessBase"]
[SourceDate "2013.11.20"]
[SourceVersion "1"]
[SourceVersionDate "2013.11.20"]
[SourceQuality "1"]
[WhiteTeam "Duesseldorf SF 75"]
[BlackTeam "Raesfeld Erle"]
[WhiteTeamCountry "GER"]
[BlackTeamCountry "GER"]

1. e4 e5 2. Nf3 Nc6 3. Bb5 a6 4. Ba4 b5 5. Bb3 Bb7 6. d3 Nf6 7. Ng5 d5 8. exd5 Nd4 9. 0-0 Nxb3 10. axb3 Qxd5 11. Nf3 Rd8 12. Nc3 Qc6 13. Re1 e4 14. Nxe4 Nxe4 15. Qe2 Be7 16. Qxe4 Qxe4 17. dxe4 0-0 18. Bf4 c5 19. Ne5 Bf6 20. Nd3 Bd4 21. c3 Bxc3 22. Nxc5 Bxe1 23. Nxb7 Bxf2+ 24. Kxf2 Rc8 25. Rxa6 Rc2+ 26. Kf3 Rxb2 27. Nc5 Rc2 28. Be3 Rb8 29. Rd6 h6 30. Na6 Rbc8 31. Nc5 R2xc5 32. Bxc5 Rxc5 33. Rd3 b4 34. Ke3 Kf8 35. Kd2 Ke7 36. Rd4 Rb5 37. Ke3 Ke6 38. Kf4 f6 39. g3 h5 40. h3 g5+ 41. Ke3 Ke5 42. Kd3 1/2-1/2

[Event "GER-chT U12"]
[Site "Arendsee"]
[Date "2011.12.29"]
[Round "5.3"]
[White "Altemueller, Jakob"]
[Black "Schmitz, Fabian"]
[Result "1/2-1/2"]
[WhiteElo "1481"]
[BlackElo "1287"]
[PlyCount "42"]
[EventDate "2011.12.27"]
[EventType "team-swiss"]
[EventRounds "7"]
[EventCountry "GER"]
[SourceTitle "EXT 2022"]
[Source "ChessBase"]
[SourceDate "2021.10.06"]
[SourceVersion "1"]
[SourceVersionDate "2021.10.06"]
[SourceQuality "1"]
[WhiteTeam "Luebeck SV U12"]
[BlackTeam "Duesseldorf U12"]
[WhiteTeamCountry "GER"]
[BlackTeamCountry "GER"]

1. e4 e6 2. d3 d5 3. Nd2 c5 4. Ngf3 Nc6 5. g3 Nf6 6. Bg2 dxe4 7. dxe4 Be7 8. 0-0 0-0 9. Re1 e5 10. c3 Bg4 11. Qc2 Qc7 12. Nf1 Bh5 13. Nh4 Ng4 14. f3 Nf6 15. Nf5 Bg6 16. N1e3 Rad8 17. b3 b5 18. Bb2 Rd7 19. Rad1 Rfd8 20. Rxd7 Rxd7 21. Bh3 Rd8 1/2-1/2

[Event "GER-chT U12"]
[Site "Arendsee"]
[Date "2011.12.29"]
[Round "6.3"]
[White "Schmitz, Fabian"]
[Black "Kagan, Dennis"]
[Result "1-0"]
[WhiteElo "1287"]
[BlackElo "1151"]
[PlyCount "97"]
[EventDate "2011.12.27"]
[EventType "team-swiss"]
[EventRounds "7"]
[EventCountry "GER"]
[SourceTitle "EXT 2022"]
[Source "ChessBase"]
[SourceDate "2021.10.06"]
[SourceVersion "1"]
[SourceVersionDate "2021.10.06"]
[SourceQuality "1"]
[WhiteTeam "Duesseldorf U12"]
[BlackTeam "Porz SG U12"]
[WhiteTeamCountry "GER"]
[BlackTeamCountry "GER"]

1. e4 c5 2. Nf3 d6 3. Bb5+ Bd7 4. Bxd7+ Qxd7 5. 0-0 Nc6 6. d3 g6 7. Re1 Bg7 8. c3 e6 9. Nbd2 Nge7 10. Nf1 0-0 11. Ng3 Rac8 12. h3 Ne5 13. Nh4 Qb5 14. d4 cxd4 15. cxd4 N5c6 16. Nf3 a6 17. Rb1 Nb4 18. a4 Qc4 19. b3 Qc2 20. Ba3 Qxd1 21. Rexd1 a5 22. Nd2 Rfd8 23. Nc4 d5 24. Nxa5 Nbc6 25. Bxe7 Nxe7 26. Nxb7 Rd7 27. Nc5 Rdc7 28. e5 Nc6 29. b4 Kf8 30. Rdc1 Nxd4 31. b5 Rxc5 32. Rxc5 Rxc5 33. f4 Ke8 34. b6 Rc8 35. a5 Nc6 36. a6 Rb8 37. Ne2 Bf8 38. b7 Bc5+ 39. Kf1 d4 40. Rc1 d3 41. Rxc5 d2 42. Nc3 Na7 43. Ke2 Rd8 44. Kd1 Kd7 45. Kxd2 Nc6 46. Nb5 Ke7+ 47. Kc3 Kd7 48. a7 Nxa7 49. Rc7+ 1-0